Vedic and the Christian Concept of Sacrifice (Record no. 11352)

MARC details
000 -LEADER
fixed length control field 00616nam a2200241 a 4500
020 ## - INTERNATIONAL STANDARD BOOK NUMBER
ISBN
082 00 - DEWEY DECIMAL CLASSIFICATION NUMBER
Classification number 291.34
Author Cutter THA
100 ## - MAIN ENTRY--AUTHOR NAME
Author name Thachil, Jose
245 ## - TITLE STATEMENT
Title Vedic and the Christian Concept of Sacrifice
260 ## - PUBLICATION, DISTRIBUTION, ETC. (IMPRINT)
Place of publication Alwaye(kerala)
Name of publisher Pontifical Institute of Theology
Year of publication 1985
300 ## - PHYSICAL DESCRIPTION
Number of Pages 363p
500 ## - GENERAL NOTE
General note includes index and biblioraphy
505 2# - FORMATTED CONTENTS NOTE
Formatted contents note Index
650 ## - SUBJECT ADDED ENTRY--TOPICAL TERM
Topical Term Comparative Religion
942 ## - ADDED ENTRY ELEMENTS (KOHA)
Koha item type Books
700 1# -
-- Thachil, Jose
Holdings
Home library Current library Date acquired Cost, normal purchase price Full call number Accession Number Koha item type
Henry Martyn Institute Library Henry Martyn Institute Library 07/19/2007 200.00 291.34 THA 018306 E-Books
                   Copyright © 2026 | Henry Martyn Institute | Hyderabad | TS-500052 | INDIA | Implemented by hmi.edu.in
Hit-Count:

Powered by Koha